000 01362naa a22003737a 4500
001 BR7805355
003 BR-BrBNA
005 20240918174219.0
007 ta
008 230509b bl.||||| |||| 00| 0 por d
040 _aBR-BrBNA
_bpor
_cBiblioteca Nacional de Agricultura
041 _a(Pt)
072 _aF30
_b0120
_bG514
090 _aF30 BR7805355
100 1 _aWinkler, E.I.G.
100 1 _aPons, A.L.
100 1 _aNuss, C.
100 1 _aPinheiro, J.M.
100 1 _aGuadagnin, J.P.
100 1 _aBresolin, M.
100 1 _aLang, R. de O.
100 1 _aColonia, V.J.
111 1 _a23. Reuniao Tecnica Anual do Milho; 7. Reuniao Tecnica Anual do Sorgo Granifero
_cPorto Alegre, RS (Brazil)
_d1978
245 1 _aComportamento de cultivares de milho (Zea mays L.)introduzidos no Rio Grande do Sul [Brasil]
260 3 _aPorto Alegre, RS (Brasil):
_c1978.
500 _aAta da 23. Reuniao Tecnica Anual do Milho e 7. do Sorgo Granifero Porto Alegre, RS (Brasil): 1978. p. 45 (BR7805355-AM)F30
650 _aMelhoramento genetico vegetal
650 _aMilho
650 _aComportamento de variedade
650 _aRio Grande do Sul
773 0 _tAta da 23. Reuniao Tecnica Anual do Milho e 7. do Sorgo Granifero
_wF30 BR7805355
_gPorto Alegre, RS (Brasil), 1978. p. 45
909 _a202404
_bLucia
_c55
_dLucia Elande
942 _cAM
_2AGRIS
999 _c309626
_d309626